The genius of China : (Record no. 11666)

MARC details
000 -CABECERA
campo de control de longitud fija 01100nam a2200265 4500
003 - IDENTIFICADOR DEL NÚMERO DE CONTROL
campo de control OSt
005 - FECHA Y HORA DE LA ÚLTIMA TRANSACCIÓN
campo de control 20260530113857.0
008 - DATOS DE LONGITUD FIJA--INFORMACIÓN GENERAL
campo de control de longitud fija 260506b1973 enka|||| |||| 00| 0 eng d
020 ## - NÚMERO INTERNACIONAL ESTÁNDAR DEL LIBRO
Número Internacional Estándar del Libro 0723001073 (rústica)
020 ## - NÚMERO INTERNACIONAL ESTÁNDAR DEL LIBRO
Número Internacional Estándar del Libro 9780723001072 (rústica)
040 ## - FUENTE DE LA CATALOGACIÓN
Centro catalogador/agencia de origen ICI
Lengua de catalogación spa
Centro/agencia transcriptor ICI
050 4# - SIGNATURA TOPOGRÁFICA DE LA BIBLIOTECA DEL CONGRESO
Número de clasificación NK1068
Número de documento/Ítem W37 1973
100 1# - ENTRADA PRINCIPAL--NOMBRE DE PERSONA
Nombre de persona Watson, William,
Fechas asociadas al nombre 1917-,
245 10 - MENCIÓN DE TÍTULO
Título The genius of China :
Resto del título an exhibition of archaeological finds of the People's Republic of China held at the Royal Academy, London, by permission of the President and Council, from 29 September 1973 to 23 January 1974 /
Mención de responsabilidad, etc. [text by William Watson]
250 ## - MENCIÓN DE EDICIÓN
Mención de edición Reprinted with revisions
264 #1 - PRODUCCIÓN, PUBLICACIÓN, DISTRIBUCIÓN, FABRICACIÓN Y COPYRIGHT
Nombre del de productor, editor, distribuidor, fabricante Times Newspapers,
Fecha de producción, publicación, distribución, fabricación o copyright 1973
Producción, publicación, distribución, fabricación y copyright [London] :
300 ## - DESCRIPCIÓN FÍSICA
Extensión 159 páginas
Dimensiones 24cm.
336 ## - TIPO DE CONTENIDO
Término de tipo de contenido texto
Fuente rdacontent
337 ## - TIPO DE MEDIO
Nombre/término del tipo de medio sin medio
Fuente rdamedia
338 ## - TIPO DE SOPORTE
Nombre/término del tipo de soporte volumen
Fuente rdacarrier
500 ## - NOTA GENERAL
Nota general "Sponsored by The Times and Sunday Times in association with the Royal Academy and the Great Britain/China Committee."
650 4# - PUNTO DE ACCESO ADICIONAL DE MATERIA--TÉRMINO DE MATERIA
Término de materia o nombre geográfico como elemento de entrada Arte chino
Subdivisión general Exposiciones
9 (RLIN) 31876
651 4# - PUNTO DE ACCESO ADICIONAL DE MATERIA--NOMBRE GEOGRÁFICO
Nombre geográfico China
Subdivisión de forma Exposiciones
Subdivisión general Antigüedades
9 (RLIN) 27731
942 ## - ELEMENTOS DE PUNTO DE ACCESO ADICIONAL (KOHA)
Fuente del sistema de clasificación o colocación Library of Congress Classification
Tipo de ítem Koha

No items available.